00786nam a22002177a 4500999001700000003000900017008004100026040007100067082001700138100001900155245004200174300004500216505009900261650002600360650002000386650002400406650001700430942001600447945000800463952009700471 c20466d20466AR-CdUCM190530b ||||| |||| 00| 0 spa d aMUNICIPALIDAD PROVINCIAL DEL CUSCOcBIBLIOTECA MUNICIPAL DEL CUSCO a780.7 /bB73 aBona, Pascuale aMetodo completo de division musical / a89 páginas ;bNotas musicales,c30 cm. aContenido : Llave del sol (violín) -- Llave de fa en 4 (bajo) -- Llave de do en 4 (tenor)... aNotas musicales93142 aViolín928804 aMedio triple942796 aTenor942797 2ddccLIBROS arcc 002ddc4070aSAbSAcCARTd2019-05-30g25.00o780.7 / B73pSA0000000552r2019-05-30yLIBROS